000 00976nam a2200301 a 4500
008
020 _a0495095389 (pbk.)
049 _aMAIN
090 _aP94.6
_bSAM
100 _aSamovar, Larry A.
245 0 0 _aCommunication between cultures /
_cLarry A. Samovar, Richard E. Porter [and] Edwin R. McDaniel.
250 _a6th ed.
260 _aBelmont :
_bThomon Wadsworth,
_c2007.
300 _axv, 415 p. :bill. ;
_c28 cm.
440 0 _aWadsworth series in communication studies.
504 _aIncludes bibliographical references.
500 _aIncludes index.
650 0 _aCommunication
_vHandbooks, manuals, etc.
650 0 _aCulture
_vHandbooks, manuals, etc.
700 _aMcDaniel, Edwin R.
700 1 _aPorter, Richard E.
740 0 _aCommunication and cultural studies.
907 _a.b10322310
_b15-11-12
_c02-11-12
003
005 20230123125503.0
040 _cNUST
942 _cBOOKS
_kP94.6
_mSAM
999 _c142379
_d142379